Statistiche per Paolo Gentiloni

Clicka qui per fare il quiz!

Statistiche generali

  • Questo quiz è stato fatto 4 volte
  • Il punteggio medio è 3 su 6

Statistiche sulle risposte

AnniCarica ricoperta% Corretto
2016-2018Presidente del consiglio dei ministri
100%
2001-2019Deputato
75%
2014-2016Ministro degli esteri
50%
2019-Commissario europeo per gli affari economici e monetari
25%
2006-2008Ministro delle comunicazioni
25%
2005-2006Presidente della Commissione parlamentare di vigilanza Rai
25%

Distribuzione punteggi

Percentile per numero di risposta

Percentuale di utenti per punteggio

I tuoi punteggi nel tempo

Non hai fatto questo quiz